Young Multi - Plecak - Statystyki

Ogólne statystyki
  • Ten quiz został rozwiązany 45 razy
  • Średni wynik to 203 z 349
Statystyki odpowiedzi
Odpowiedź % Poprawnych
pełen
100%
Plecak
100%
a
97%
Auto
97%
biegi
97%
brzegi
97%
po
97%
97%
samo
97%
w
97%
wypełniony
97%
z
97%
Z
97%
zmienia
97%
95%
cashu
89%
pędzi
89%
i
84%
mi
81%
Ja
78%
ja
78%
brzęczy
76%
jak
76%
kurwa
76%
Nie
76%
nie
76%
to
76%
ciągle
73%
Iphone
73%
chcę
70%
co
70%
gangster
70%
tata
70%
wierz
70%
Chłopak
68%
chłopak
68%
Gdzie
68%
jakiś
68%
jego
68%
już
68%
kupił
68%
profil
68%
twój
68%
Twój
68%
widzę
68%
ze
68%
bredni
65%
męczy
65%
mną
65%
mnie
65%
mu
65%
na
65%
słuchać
65%
Ale
62%
fotki
62%
lambo
62%
płacze
62%
za
62%
nędznych
59%
trackach
59%
waszych
59%
gdy
57%
masz
57%
raper
57%
ulubiony
57%
wciąż
57%
Ey
51%
kłamie
51%
lata
51%
te
51%
tu
49%
żenada
49%
do
46%
chodź
43%
nowe
43%
pracy
43%
było
41%
chodzenie
41%
hajs
41%
mam
41%
się
41%
stać
41%
trampki
41%
wakacje
41%
tak
38%
więc
38%
Wyćpany
38%
piję
35%
portfel
35%
tej
35%
wieczne
35%
Zasługuję
35%
czasy
32%
kiedy
32%
kontrakty
32%
panny
32%
ziomkami
32%
biegam
30%
bo
30%
czysty
30%
Dziś
30%
fajne
30%
fakty
30%
taki
30%
weź
30%
zatańczmy
30%
albo
27%
Golfie
27%
napij
27%
necie
27%
nikt
27%
Piszą
27%
Siedzą
27%
takie
27%
kiedyś
24%
mój
24%
niestworzone
24%
rzeczy
24%
swoim
24%
Jebać
22%
jest
22%
okół
22%
płakać
22%
przecież
22%
przestań
22%
trzymał
22%
typy
22%
wpływu
22%
starej
19%
styl
19%
wrogów
19%
Becie
16%
blokuje
16%
Mercem
16%
spada
16%
woże
16%
wszędzie
16%
chwil
14%
git
14%
parę
14%
przedtem
14%
wrzucę
14%
zróbmy
14%
flotę
11%
głowie
11%
młodości
11%
nocy
11%
Sheen
11%
świt
11%
tylko
11%
wszystko
11%
zapamiętasz
11%
bar
8%
Charlie
8%
górę
8%
kwit
8%
żeby
8%
Beam'y
3%
Nie znaleziono quizów pasujących do podanych kryteriów
Rozkład punktacji
Procent ludzi z każdym wynikiem
Percentyl według liczby udzielonych odpowiedzi
Twoja historia wyników
Nie rozwiązałeś tego quizu